00685nam a2200241 a 4500001001300000003000900013005001700022008004100039020001000080082001600090100002200106245002300128260002500151300000900176500003500185505002100220650001400241700002200255902000800277942000700285952013400292999001700426nice12345678IN_TiNIC20260116015044.0050524s2000 dela grp 000 0 eng  ac10000a340.58bPRA aPrakash, Surendra aConcise Manu Smrti aDelhi bISPCK c2000 a188p aincludes index and biblioraphy2 aIll, Bibl. Index aManu-Laws1 aPrakash, Surendra bSRS cBK 001040708StackRoom-aHMIbHMId2007-05-01g100.00l4m3o340.58 PRAp11001282r2019-02-25s2019-01-21v100.00w2005-05-24yBK c18123d18123